000 00779nam a2200193Ii 4500
003 JO-AjNU
008 230605s9999||||xx |||||||||||||| ||und||
040 _aJO-AjNU
_bara
_erda
_cJO-AjNU
041 _aara
050 1 4 _aUH750.S2977 1984
100 3 _aرمضان، السيد,
_eauthor
_97115
245 0 0 _aاسهامات الخدمة الاجتماعية في مجال القوات المساحة والامن
264 3 1 _aالاسكندرية: المكتب الجامعي الحديث، 1984
300 _a239ص
336 _atext
_btxt
_2rdacontent
337 _aunmediated
_bn
_2rdamedia
338 _avolume
_bnc
_2rdacarrier
650 4 _a القوات المسلحة -- جوانب اجتماعية -التغير الاجتماعي-الخدمة الاجتماعية
_97116
999 _aA115
_c3683
_d3683